Statistics for Computer Quiz

Click here to take the quiz!

General Stats

  • This quiz has been taken 58 times
  • The average score is 10 of 18

Answer Stats

HintAnswer% Correct
This device allows you to type.Keyboard
100%
A original computer company whose name is a fruit.Apple
92%
You can carry this type of computer around.Laptop
90%
Millions of people post and watch videos on this website.YouTube
86%
You use this device to point and click.Mouse
82%
Search engine and creator of fun doodles.Google
68%
The screen that displays images.Monitor
64%
What hitting Control-S does to your document.Save
64%
The Wold Wide Web.Internet
58%
An iPad is this kind of device.Tablet
54%
Pictures and characters used in electronic messages.Emoji
44%
Send a quick note from your phone.Text
40%
The amount of storage space on a computer.Memory
38%
Portable, as in a phone.Mobile
30%
A game that centers around placing and breaking blocks.Minecraft
28%
What do you use to connect to the internet?Modem
28%
To make accessible to other users.Upload
28%
Fictional evil computer in The Terminator.Skynet
16%

Score Distribution

Percentile by Number Answered

Percent of People with Each Score

Your Score History

You have not taken this quiz